Atlas of drawings for vertebrate anatomy
Đã lưu trong:
| Hovedforfatter: | |
|---|---|
| Format: | Bog |
| Sprog: | Undetermined |
| Udgivet: |
New York
John Wiley
1967
|
| Fag: | |
| Tags: |
Tilføj Tag
Ingen Tags, Vær først til at tagge denne postø!
|
| Thư viện lưu trữ: | Trung tâm Học liệu Trường Đại học Cần Thơ |
|---|
| LEADER | 00473nam a2200181Ia 4500 | ||
|---|---|---|---|
| 001 | CTU_9235 | ||
| 008 | 210402s9999 xx 000 0 und d | ||
| 082 | |a 596.040222 | ||
| 082 | |b E22 | ||
| 100 | |a S Eddy | ||
| 245 | 0 | |a Atlas of drawings for vertebrate anatomy | |
| 245 | 0 | |c S Eddy | |
| 260 | |a New York | ||
| 260 | |b John Wiley | ||
| 260 | |c 1967 | ||
| 650 | |a vertebrates - anatomy | ||
| 904 | |i Minh, 960925 | ||
| 980 | |a Trung tâm Học liệu Trường Đại học Cần Thơ | ||